靈知派經書 ling zhi pai jing shu xiang zhong = The Nag Hammadi library codices 3-6 {ch} / (Record no. 418)
[ view plain ]
| 000 -LEADER | |
|---|---|
| fixed length control field | 01164nam a2200289 a 4500 |
| 003 - CONTROL NUMBER IDENTIFIER | |
| control field | C-11141 |
| 005 - DATE AND TIME OF LATEST TRANSACTION | |
| control field | 20140520104823.0 |
| 008 - FIXED-LENGTH DATA ELEMENTS--GENERAL INFORMATION | |
| fixed length control field | 060526m20002004cc b 000 0 chi |
| 020 ## - INTERNATIONAL STANDARD BOOK NUMBER | |
| International Standard Book Number | 9628322230 (v. 1) :HK98/73.50/Php487.80 |
| 020 ## - INTERNATIONAL STANDARD BOOK NUMBER | |
| International Standard Book Number | 9628322427 (v. 2) :HK70/52.50/Php348.40 |
| 020 ## - INTERNATIONAL STANDARD BOOK NUMBER | |
| International Standard Book Number | 9628322877 (v. 3) :HK128/96.00/Php637.10 |
| 040 ## - CATALOGING SOURCE | |
| Original cataloging agency | CVU |
| Transcribing agency | LOCAL |
| Modifying agency | H2K |
| 100 ## - MAIN ENTRY--PERSONAL NAME | |
| Personal name | 羅賓遜 Robinson, James M. |
| 130 0# - MAIN ENTRY--UNIFORM TITLE | |
| Uniform title | Nag Hammadi codices.Chinese. |
| 245 10 - TITLE STATEMENT | |
| Title | 靈知派經書 ling zhi pai jing shu xiang zhong = The Nag Hammadi library codices 3-6 {ch} / |
| Statement of responsibility, etc | eds., James M. Robinson, Richard Smith; trans. by Yeo Khiok Khng |
| 260 ## - PUBLICATION, DISTRIBUTION, ETC. (IMPRINT) | |
| Place of publication, distribution, etc | Hong Kong : |
| Name of publisher, distributor, etc | Institute of Sino-Christian Studies, |
| Date of publication, distribution, etc | 2000-2004. |
| 300 ## - PHYSICAL DESCRIPTION | |
| Extent | 3 v. ; |
| Dimensions | 22 cm. |
| 490 10 - SERIES STATEMENT | |
| Series statement | Chinese academic library of Christian thought ancient series; |
| Volume number/sequential designation | 108,113, 118. |
| 504 ## - BIBLIOGRAPHY, ETC. NOTE | |
| Bibliography, etc | Includes bibliographical references. |
| 505 0# - FORMATTED CONTENTS NOTE | |
| Formatted contents note | Contents: Codices 1-2; Codices 3-6; Codices 7-13. |
| 650 #4 - SUBJECT ADDED ENTRY--TOPICAL TERM | |
| Topical term or geographic name as entry element | Gnostic literature {ch}. |
| 650 #4 - SUBJECT ADDED ENTRY--TOPICAL TERM | |
| Topical term or geographic name as entry element | Gnosticism {ch}. |
| 700 1# - ADDED ENTRY--PERSONAL NAME | |
| Personal name | 羅賓遜 Robinson, James M. |
| Dates associated with a name | 1924- |
| 700 1# - ADDED ENTRY--PERSONAL NAME | |
| Personal name | Smith, Richard, |
| Dates associated with a name | 1943 Sept. 28- |
| 541 ## - IMMEDIATE SOURCE OF ACQUISITION NOTE | |
| Accession number | C-11141 |
| 942 ## - ADDED ENTRY ELEMENTS (KOHA) | |
| Source of classification or shelving scheme | Dewey Decimal Classification |
| Item type | Books |
| Withdrawn status | Lost status | Source of classification or shelving scheme | Damaged status | Not for loan | Home library | Current library | Shelving location | Date acquired | Serial Enumeration / chronology | Accession number | Total Checkouts | Full call number | Barcode | Date last seen | Price effective from | Koha item type | Cost, normal purchase price |
|---|---|---|---|---|---|---|---|---|---|---|---|---|---|---|---|---|---|
| Library of Congress Classification | BSOP Library | BSOP Library | Chinese Books (General Circulation) | 06/29/2012 | I | C-11144 | BT1391.A6 C5 N13r 2000 | 00047086 | 02/23/2013 | 02/23/2013 | Books | ||||||
| Library of Congress Classification | BSOP Library | BSOP Library | Chinese Books (General Circulation) | 08/29/2012 | II | C-11141 | BT1391.A6.C5 N13r 2000 | 00047087 | 02/23/2013 | 02/23/2013 | Books | 335.00 |
